تخطي إلى المحتوى
Inicio
Centros participantes
Catálogo
Servicios
Contacto
تسجيل الدخول
English
Deutsch
Español
Français
Italiano
日本語
Nederlands
Português
Português (Brasil)
中文(简体)
中文(繁體)
Türkçe
עברית
Gaeilge
Cymraeg
Ελληνικά
Català
Euskara
Русский
Čeština
Suomi
Svenska
polski
Dansk
slovenščina
اللغة العربية
বাংলা
Galego
Tiếng Việt
Hrvatski
हिंदी
Հայերէն
Українська
Sámegiella
اللغة
كل الحقول
العنوان
المؤلف
الموضوع
رقم الاستدعاء
ردمك/تدمد
الوسم
ابحث
بحث متقدم
Opciones del desarrollo y la i...
استشهد بهذا
أرسل هذا بالبريد الإلكتروني
طباعة
تصدير التسجيلة
تصدير إلى RefWorks
تصدير إلى EndNoteWeb
تصدير إلى EndNote
أضف إلى المفضلة
رابط دائم
إضافة أول تقييم
Opciones del desarrollo y la integración en América Latina
محفوظ في:
التفاصيل البيبلوغرافية
المؤلف الرئيسي:
Martner, Gonzalo Daniel
التنسيق:
نص
منشور في:
s.l.:
s.e.
الوسوم:
إضافة وسم
لا توجد وسوم, كن أول من يضع وسما على هذه التسجيلة!
المقتنيات
الوصف
التعليقات
مواد مشابهة
عرض للأخصائي
MARC
LEADER
00000 a a2200000 04500
001
23731
003
040
090
|a
167200
100
|a
Martner, Gonzalo Daniel
245
|a
Opciones del desarrollo y la integración en América Latina
260
|a
s.l.:
|b
s.e.
300
|a
24 p.
999
|c
10597
|d
10597
مواد مشابهة
Europa e America Latina in un nuovo ordine internazionale
Los Conflictos políticos en la crisis
حسب: Benítez Manaut, Raúl
Costa Rica. Proyección de la población económicamente activa por sexo y edad 1985-2000: perspectivas sobre la oferta laboral y sus implicaciones
Algunos puntos de vista sobre la tendencia fundamental de las relaciones soviético-latinoamericanas en la década de los noventas
حسب: Wang, Yulin
Panamá: la coyuntura económica